000 00972nam a2200289 i 4500
001 000045795
003 DO-SdBNP
005 20240307073950.0
007 ta
008 110209s2012 dr 000 0 spa d
040 _aDO-SdBNP
_bspa
_cBNPHU
_erda
082 _a342.07
_bR426c, 2012
_222
110 1 _aRepública Dominicana.
_b Junta Central Electoral
_964605
240 1 0 _a[Leyes, etc.]
245 1 0 _aCompilación de la legislación electoral de la República Dominicana 2012
264 _aSanto Domingo :
_bJunta Central Electoral,
_c2012
300 _a460 paginas. ;
_c24 cm.
336 _2rdacontent
_atexto
_btxt
337 _2rdamedia
_asin mediación
_bn
338 _2rdacarrier
_avolumen
_bnc
590 _aInventariado, 2023 / DG
650 4 _aElecciones
_zRepública Dominicana
_92992
650 4 _aRepública Dominicana
_xPolítica y gobierno
_92488
650 4 _aSufragio
_xLegislación
_zRepública Dominicana
_927666
910 _aDG
942 _2ddc
_cLBS1
999 _c53612
_d53612